000 01095naa a22003137a 4500
001 BR9509828
003 BR-BrBNA
005 20240918181524.0
007 ta
008 230509b bl.||||| |||| 00| 0 por d
040 _aBR-BrBNA
_bpor
_cBiblioteca Nacional de Agricultura
041 _a(Pt)
072 _aE16
_b1300
090 _aE16 BR9509828
100 1 _aOliveira, C.A. da S.
100 1 _aMarouelli, W.A.
111 1 _a7. Simposio sobre o Cerrado
_cBrasilia, DF (Brazil)
_d4-7 Apr 1989
245 1 _aHortalicas irrigadas na regiao dos cerrados
260 3 _aPlanaltina, DF (Brasil):
_c1995.
500 _a7. Simposio sobre o Cerrado. Estrategias de utilizacao. Anais Planaltina, DF (Brasil): 1995. p. 165-182 (BR9509828-AM)E16
650 _aHortalica
650 _aCultura Irrigada
650 _aEstatistica de Producao
650 _aProdutividade
650 _aCerrado
773 0 _t7. Simposio sobre o Cerrado. Estrategias de utilizacao. Anais
_wE16 BR9509828
_gPlanaltina, DF (Brasil), 1995. p. 165-182
909 _a202404
_bLucia
_c55
_dLucia Elande
942 _cAM
_2AGRIS
999 _c325653
_d325653